U.S. Airports Map Quiz - Statistics

General Stats
  • This quiz has been taken 1,103 times
  • The average score is 172 of 382
Answers on the Map
Answers color-coded by a green-red scale on the quiz's map according to % correct below.
 
Answer Stats
State FAA Code City Served % Correct
New Jersey EWR New York/Newark
87%
California LAX Los Angeles
85%
New York JFK New York
85%
New York LGA New York
85%
Texas DAL Dallas
83%
Texas DFW Dallas
83%
Mississippi JAN Jackson
82%
Wyoming JAC Jackson
82%
Nevada LAS Las Vegas
82%
Florida MIA Miami
82%
Arizona PHX Phoenix
82%
California SFO San Francisco
82%
Washington SEA Seattle/Tacoma
82%
Florida PBI West Palm Beach
82%
Illinois MDW Chicago
81%
Illinois ORD Chicago
81%
Texas IAH Houston
81%
Texas HOU Houston
81%
Illinois RFD Rockford
81%
Washington BFI Seattle
81%
Georgia ATL Atlanta
80%
Massachusetts BOS Boston
80%
Colorado DEN Denver
80%
Maine PWM Portland
80%
Oregon PDX Portland
80%
Texas AUS Austin
79%
Maryland BWI Baltimore
79%
Michigan DTW Detroit
79%
California SAN San Diego
79%
Hawaii HNL Honolulu
78%
Florida MCO Orlando
78%
Florida SFB Sanford
78%
Idaho BOI Boise
77%
Minnesota MSP Minneapolis
77%
Pennsylvania PHL Philadelphia
77%
Utah SLC Salt Lake City
77%
Alaska LHD Anchorage
76%
Alaska MRI Anchorage
76%
Alaska ANC Anchorage
76%
Missouri MCI Kansas City
76%
Tennessee MEM Memphis
76%
Louisiana MSY New Orleans
76%
Florida TPA Tampa
76%
Virginia DCA Washington D.C./Arlington County
76%
New York BUF Buffalo
75%
Florida JAX Jacksonville
75%
North Carolina OAJ Jacksonville
75%
Oklahoma OKC Oklahoma City
75%
Virginia IAD Washington D.C./Dulles/Chantilly
75%
New Mexico ABQ Albuquerque
74%
Alabama BHM Birmingham
74%
Ohio CLE Cleveland
74%
Georgia CSG Columbus
74%
Mississippi GTR Columbus
74%
Ohio CMH Columbus
74%
Ohio LCK Columbus
74%
Texas ELP El Paso
74%
Indiana IND Indianapolis
74%
Tennessee BNA Nashville
74%
California SMF Sacramento
74%
Texas SAT San Antonio
74%
Georgia ABY Albany
73%
New York ALB Albany
73%
Illinois BLV Belleville
73%
North Carolina CLT Charlotte
73%
Wisconsin MKE Milwaukee
73%
Nebraska OMA Omaha
73%
Pennsylvania PIT Pittsburgh
73%
Nevada RNO Reno
73%
California SJC San Jose
73%
Missouri STL St. Louis
73%
Arizona TUS Tucson
73%
Arkansas LIT Little Rock
72%
South Carolina CHS Charleston
71%
West Virginia CRW Charleston
71%
Alaska JNU Juneau
70%
California OAK Oakland
70%
North Carolina RDU Raleigh
70%
Florida EYW Key West
69%
Nebraska LNK Lincoln
69%
Alabama MOB Mobile
69%
Alabama MGM Montgomery
69%
Rhode Island PVD Providence
69%
Missouri SGF Springfield
69%
Kentucky CVG Cincinnati/Covington
68%
Ohio DAY Dayton
68%
New Mexico SAF Santa Fe
68%
Illinois SPI Springfield
68%
Louisiana BTR Baton Rouge
67%
Missouri COU Columbia
67%
Florida FLL Fort Lauderdale
67%
Virginia RIC Richmond
67%
Minnesota RST Rochester
67%
New York ROC Rochester
67%
Florida TLH Tallahassee
67%
Oklahoma TUL Tulsa
67%
North Dakota BIS Bismarck
66%
Iowa DSM Des Moines
66%
Georgia SAV Savannah
66%
Montana BIL Billings
65%
Colorado COS Colorado Springs
65%
Kentucky SDF Louisville
65%
New York SYR Syracuse
65%
South Carolina CAE Columbia
64%
Oregon EUG Eugene
64%
Alaska FAI Fairbanks
64%
North Dakota FAR Fargo
64%
Montana HLN Helena
64%
Kentucky LEX Lexington
64%
Wisconsin MSN Madison
64%
Ohio TOL Toledo
64%
Georgia AGS Augusta
63%
Connecticut BDL Hartford
62%
Michigan LAN Lansing
62%
New Jersey TTN Trenton
61%
Arizona FLG Flagstaff
60%
Michigan GRR Grand Rapids
60%
Kansas ICT Wichita
60%
Texas AMA Amarillo
59%
Tennessee CHA Chattanooga
59%
California FAT Fresno
59%
Wisconsin GRB Green Bay
59%
South Dakota FSD Sioux Falls
59%
Pennsylvania ERI Erie
58%
Tennessee TYS Knoxville
58%
Connecticut HVN New Haven
58%
Washington GEG Spokane
58%
New Jersey ACY Atlantic City
57%
Vermont BTV Burlington
57%
Texas CRP Corpus Christi
57%
Arkansas XNA Fayetteville
57%
Pennsylvania MDT Harrisburg
57%
Alabama HSV Huntsville
56%
South Dakota PIR Pierre
56%
California BUR Burbank
55%
North Carolina FAY Fayetteville
55%
Montana BZN Bozeman
54%
Minnesota DLH Duluth
54%
North Carolina GSO Greensboro
54%
California LGB Long Beach
54%
California ONT Ontario
54%
Florida PNS Pensacola
54%
Utah PVU Provo
54%
California SBA Santa Barbara
54%
South Carolina MYR Myrtle Beach
53%
Iowa CID Cedar Rapids
52%
California SNA Orange County
52%
Florida PIE St. Petersburg
52%
Florida DAB Daytona Beach
51%
Florida RSW Fort Myers
51%
Indiana FWA Fort Wayne
51%
Virginia ORF Norfolk
51%
Louisiana SHV Shreveport
51%
Ohio CAK Akron
50%
California BFL Bakersfield
50%
Maine BGR Bangor
50%
Virginia ROA Roanoke
50%
Colorado ASE Aspen
49%
California CCR Concord
49%
North Carolina JQF Concord
49%
Michigan FNT Flint
49%
Idaho IDA Idaho Falls
49%
New York ISP Islip
49%
North Carolina ILM Wilmington
49%
North Carolina AVL Asheville
48%
Texas BRO Brownsville
48%
Florida GNV Gainesville
48%
New York ITH Ithaca
48%
Texas LBB Lubbock
48%
New York IAG Niagara Falls
48%
South Dakota RAP Rapid City
48%
Mississippi GPT Gulfport/Biloxi
47%
New Hampshire MHT Manchester
47%
Iowa SUX Sioux City
47%
California SCK Stockton
47%
Arkansas TXK Texarkana
47%
Pennsylvania AVP Wilkes-Barre
47%
Arizona IWA Mesa
46%
California PSP Palm Springs
46%
Florida ECP Panama City
46%
Indiana SBN South Bend
46%
Texas ACT Waco
46%
Pennsylvania ABE Allentown
45%
South Carolina GSP Greenville
45%
Montana MSO Missoula
45%
Texas SPS Wichita Falls
45%
Florida SRQ Sarasota
44%
Colorado GJT Grand Junction
43%
North Carolina PGV Greenville
43%
Texas LRD Laredo
43%
Massachusetts ORH Worcester
43%
Wisconsin EAU Eau Claire
42%
Hawaii ITO Hilo
41%
Florida MLB Melbourne
41%
Utah OGD Ogden
41%
Tennessee TRI Tri-Cities
41%
Virginia CHO Charlottesville
40%
North Dakota GFK Grand Forks
40%
Missouri JLN Joplin
40%
Louisiana LFT Lafayette
40%
Michigan MBS Saginaw
40%
Utah SGU St. George
40%
Louisiana AEX Alexandria
39%
Michigan AZO Kalamazoo
39%
Texas MAF Midland/Odessa
39%
Colorado PUB Pueblo
39%
California RDD Redding
39%
Texas TYR Tyler
39%
New York HPN White Plains
39%
Wyoming CPR Casper
38%
Wyoming COD Cody
38%
Texas CLL College Station
38%
Nevada EKO Elko
38%
Hawaii KOA Kailua-Kona
38%
Massachusetts ACK Nantucket
38%
Pennsylvania UNV State College
38%
Montana BTM Butte
37%
Colorado EGE Eagle/Vail
37%
Arizona GCN Grand Canyon
37%
Georgia MCN Macon
37%
Oregon MFR Medford
37%
Massachusetts MVY Vineyard Haven
37%
Arizona NYL Yuma
37%
Texas ABI Abilene
36%
New York BGM Binghamton
36%
South Carolina FLO Florence
36%
Montana GTF Great Falls
36%
New Hampshire LEB Lebanon
36%
Virginia LYH Lynchburg
36%
New Mexico ROW Roswell
36%
Mississippi TUP Tupelo
36%
Massachusetts BED Bedford
35%
Indiana EVV Evansville
35%
South Carolina HXD Hilton Head
35%
West Virginia HTS Huntington
35%
Texas MFE McAllen
35%
Alaska OME Nome
35%
Illinois MLI Moline
34%
Louisiana MLU Monroe
34%
Washington YKM Yakima
34%
Wisconsin ATW Appleton
33%
Iowa DBQ Dubuque
33%
Florida VPS Fort Walton Beach
33%
Hawaii LIH Lihue
33%
California MRY Monterey
33%
Virginia PHF Newport News
33%
Illinois PIA Peoria
33%
Idaho TWF Twin Falls
33%
Alaska BRW Utqiagvik
33%
Montana WYS West Yellowstone
33%
South Dakota ABR Aberdeen
32%
Arkansas FSM Fort Smith
32%
Kansas MHK Manhattan
32%
Arizona PRC Prescott
32%
California SBP San Luis Obispo
32%
California ACV Arcata/Eureka
31%
Illinois CMI Champaign/Urbana/Savoy
31%
Wyoming LAR Laramie
30%
Texas SJT San Angelo
30%
Washington BLI Bellingham
29%
Illinois BMI Bloomington/Normal
29%
Michigan TVC Traverse City
29%
Texas BPT Beaumont
28%
Nebraska GRI Grand Island
28%
New Mexico HOB Hobbs
28%
Idaho LWS Lewiston
28%
Michigan MKG Muskegon
28%
Idaho PIH Pocatello
28%
New Hampshire PSM Portsmouth
28%
Alaska SIT Sitka
28%
Minnesota STC St. Cloud
28%
Alabama DHN Dothan
27%
New York ELM Elmira
27%
Alaska KTN Ketchikan
27%
Louisiana LCH Lake Charles
27%
North Dakota MOT Minot
27%
California SMX Santa Maria
27%
Georgia VLD Valdosta
27%
Idaho SUN Hailey/Sun Valley
26%
Minnesota INL International Falls
26%
Hawaii OGG Kahului
26%
Oklahoma LAW Lawton
26%
North Carolina EWN New Bern
26%
Massachusetts PVC Provincetown
26%
Oregon RDM Redmond
26%
Maryland SBY Salisbury
26%
California STS Santa Rosa
26%
Colorado DRO Durango
25%
Colorado HDN Hayden
25%
Michigan SAW Marquette
25%
Arizona PGA Page
25%
Washington PUW Pullman/Moscow
25%
Kansas SLN Salina
25%
Texas HRL Harlingen
24%
Montana GPI Kalispell
24%
Wisconsin LSE La Crosse
24%
Mississippi MEI Meridian
24%
Utah CNY Moab
24%
Michigan CIU Sault Ste. Marie
24%
Alaska DUT Unalaska
24%
Florida VRB Vero Beach
24%
Massachusetts HYA Hyannis
23%
Texas GRK Killeen
23%
Alaska ADQ Kodiak
23%
Kentucky OWB Owensboro
23%
Kentucky PAH Paducah
23%
Washington PSC Pasco
23%
Virginia SHD Staunton/Waynesboro/Harrisonburg
23%
Alaska BET Bethel
22%
Maryland HGR Hagerstown
22%
Alaska HOM Homer
22%
Washington ALW Walla Walla
22%
New York ART Watertown
22%
South Dakota ATY Watertown
22%
Oklahoma SWO Stillwater
21%
Iowa ALO Waterloo
21%
Rhode Island BID Block Island
20%
Nevada BVU Boulder City
20%
Wyoming GCC Gillette
20%
Maine PQI Presque Isle
20%
Alaska VDZ Valdez
20%
Minnesota BJI Bemidji
19%
Georgia BQK Brunswick
19%
Utah CDC Cedar City
19%
North Dakota DIK Dickinson
19%
North Dakota JMS Jamestown
19%
Hawaii LNY Lanai City
19%
Texas GGG Longview
19%
New York PBG Plattsburgh
19%
Florida PGD Punta Gorda
19%
Nebraska BFF Scottsbluff
19%
Montana SDY Sidney
19%
Arizona IFP Bullhead City
18%
Kansas HYS Hays
18%
West Virginia LWB Lewisburg
18%
Colorado MTJ Montrose
18%
Illinois UIN Quincy
18%
Wyoming SHR Sheridan
18%
Wisconsin CWA Mosinee
17%
Wyoming RKS Rock Springs
17%
Nebraska LBF North Platte
16%
Pennsylvania IPT Williamsport
16%
Alaska WRG Wrangell
16%
Minnesota BRD Brainerd
15%
Kansas GCK Garden City
15%
Rhode Island WST Westerly
15%
North Dakota XWA Williston
15%
Michigan APN Alpena
14%
Alaska SCC Deadhorse
14%
Colorado GUC Gunnison
14%
Minnesota HIB Hibbing
14%
New York SWF Newburgh
14%
Alaska PSG Petersburg
14%
West Virginia CKB Clarksburg
13%
Michigan ESC Escanaba
13%
Michigan CMX Houghton
13%
Michigan IMT Iron Mountain
13%
Alaska ENA Kenai
13%
California MMH Mammoth Lakes
13%
Oregon OTH North Bend
13%
New York OGS Ogdensburg
13%
Wisconsin RHI Rhinelander
13%
Maine RKD Rockland
13%
Washington EAT Wenatchee
13%
Utah VEL Vernal
12%
Alaska CDV Cordova
11%
Wyoming RIW Riverton
11%
Alaska DLG Dillingham
10%
Alaska OTZ Kotzebue
10%
Pennsylvania LBE Latrobe
10%
Illinois MWA Marion
10%
Alaska YAK Yakutat
9%
Washington FHR Friday Harbor
8%
Alaska AKN King Salmon
8%
Washington ORS Eastsound
7%
Michigan PLN Pellston
7%
Alaska KSM St. Mary's
6%
Alaska ANI Aniak
5%
Alaska GST Gustavus
5%
Hawaii MKK Kaunakakai
5%
Alaska UNK Unalakleet
5%
Alaska AKW Klawock
3%
No matching quizzes found
Score Distribution
Percent of People with Each Score
Percentile by Number Answered
Your Score History
You have not taken this quiz